Stats : (Record no. 13560)

000 -LEADER
fixed length control field 01181cam a22003254a 4500
001 - CONTROL NUMBER
control field 14313691
005 - DATE AND TIME OF LATEST TRANSACTION
control field 20181004094910.0
008 - FIXED-LENGTH DATA ELEMENTS--GENERAL INFORMATION
fixed length control field 060324s2008 maua 001 0 eng
010 ## - LIBRARY OF CONGRESS CONTROL NUMBER
LC control number 2006044799
020 ## - INTERNATIONAL STANDARD BOOK NUMBER
International Standard Book Number 0321433793
020 ## - INTERNATIONAL STANDARD BOOK NUMBER
International Standard Book Number 9780321433794
035 ## - SYSTEM CONTROL NUMBER
System control number (OCoLC)ocm65400794
040 ## - CATALOGING SOURCE
Original cataloging agency DLC
Transcribing agency DLC
Modifying agency YDX
050 00 - LIBRARY OF CONGRESS CALL NUMBER
Classification number QA276.12.D417 2008
Item number .D417 2008
100 1# - MAIN ENTRY--PERSONAL NAME
Personal name De Veaux, Richard D.
245 10 - TITLE STATEMENT
Title Stats :
Remainder of title data and models /
Statement of responsibility, etc. Richard D. De Veaux, Paul F. Velleman, David E. Bock.
250 ## - EDITION STATEMENT
Edition statement 2nd ed.
260 ## - PUBLICATION, DISTRIBUTION, ETC. (IMPRINT)
Place of publication, distribution, etc. Boston :
Name of publisher, distributor, etc. Pearson, Addison-Wesley,
Date of publication, distribution, etc. c2008.
300 ## - PHYSICAL DESCRIPTION
Extent xxvii, 869, 69 p. :
Other physical details ill. (chiefly col.) ;
Dimensions 27 cm +
Accompanying material 1 CD-ROM (4 3/4 in.).
500 ## - GENERAL NOTE
General note Includes index.
650 #0 - SUBJECT ADDED ENTRY--TOPICAL TERM
Topical term or geographic name as entry element Statistics.
650 #0 - SUBJECT ADDED ENTRY--TOPICAL TERM
Topical term or geographic name as entry element Mathematical statistics.
700 1# - ADDED ENTRY--PERSONAL NAME
Personal name Velleman, Paul F.,
Dates associated with a name 1949-
700 1# - ADDED ENTRY--PERSONAL NAME
Personal name Bock, David E.
906 ## - LOCAL DATA ELEMENT F, LDF (RLIN)
a 7
b cbc
c orignew
d 1
e ocip
f 20
g y-gencatlg
942 ## - ADDED ENTRY ELEMENTS (KOHA)
Source of classification or shelving scheme
Koha item type Hard Covered Materials
Classification part QA 276 .D417 2008
Holdings
Withdrawn status Lost status Source of classification or shelving scheme Damaged status Not for loan Home library Current library Shelving location Date acquired Source of acquisition Total Checkouts Full call number Barcode Date last seen Price effective from Koha item type
          MACHAKOS UNIVERSITY LIBRARY MACHAKOS UNIVERSITY LIBRARY Open shelf 11/08/2016 Donation (BFA)   QA 276.12 .D417 2008 24808 26/02/2021 11/08/2016 Hard Covered Materials
© Machakos University Library, Along The Highway, Machakos Wote Rd, Machakos, Kenya P.O. Box 136 - 90100 Machakos - Kenya

Tel: ( +254 ) 723 805829 OR Fax : 044-20353 OR Email: library@mksu.ac.ke